| 000 | 01798nam0a2200361 4500 | ||
|---|---|---|---|
| 001 | RU\NLR\BIBL_A\011909097 | ||
| 005 | 20190204092121.0 | ||
| 010 |
_a978-5-00127-057-7 _97000 |
||
| 021 |
_aRU _bКН-П-18-091585 _9КН-П-18-6652 |
||
| 035 | _a(NLR Aleph) 011909097 | ||
| 035 | _a(RuMoRGB)009826087 | ||
| 090 |
_a10925270 _c10925270 |
||
| 100 | _a20190114d2019 u y0rusy50 ca | ||
| 101 | 0 | _arus | |
| 102 | _aRU | ||
| 105 | _a c||z|||000zb | ||
| 200 | 1 |
_aОн от нас не ушел _eвоспоминания о духовном отце - приснопамятном архимандрите Науме (Байбородине) _fигумения Анатолия (Баршай) |
|
| 210 |
_aМосква _cСибирская Благозвонница _d2019 [т.е. 2018] |
||
| 215 |
_a333, [2] с., [12] л. цв. ил., портр. _cил., портр. _d21 |
||
| 300 | _aНа обл. авт. не указан | ||
| 300 | _aКн. фактически изд. в 2018 г. | ||
| 320 | _aБиблиогр. в примеч.: 331-333 (32 назв.) | ||
| 333 | _a12+ | ||
| 600 | 0 |
_aНаум _cБайбородин, Николай Александрович _cархимандрит _f1927 - 2017 _jВоспоминания, записки и т.п _2nlr_sh2 _3RU\NLR\AUTH\6601641963 |
|
| 686 | 2 | _aЭ372.24-374-028,13 | |
| 700 | 0 |
_aАнатолия _cБаршай, Татьяна Витальевна _cигумения _3RU\NLR\AUTH\770159068 |
|
| 702 | 0 |
_aНаум _cБайбородин, Николай Александрович _cархимандрит _f1927-2017 _3RU\NLR\AUTH\770186872 _4570 |
|
| 942 | _cBOOK | ||
| 980 | _aNBR | ||
| 980 | _aNB | ||